1115 1630 1942 1529 1682 1659 1289 1732 1763 1918 1251 1898 1688 1323 1192 1779 1798 1253 1008 1982 1776 1325 1140 1941 1092 1763 1506 1989 1282 1282 1798 1782 1470 1334 1816 1168 1955 1657 1551 1999 1454 1988 1422 1154 1288 1177 1498 1682 1994 1447 1331 1401 1109 1381 1656 1304 1140 1070 1268 1266 1661 1643 1403 1127 1340 1205 1190 1957 1664 1960 1717 1429 1555 1420 1725 1379 1130 1544 1345 1930 1246 1356 1741 1736 1650 1725 1960 1224 1654 1337 1331 1764 1738 1996 1980 1770 1059 1662 1439 BCNSPRNW ULIB Ver.6.0+V

เปลี่ยนเป็นภาษาไทย

Change to English
 แสดงรายละเอียดบรรณานุกรม
  กลับหน้าหลัก

Brief Record : Get Marc (ISO 2709) : E-mail record : QR code < ปิดหน้าต่าง
LEADER : 00000nam 2200000uu 4500
001    13399113155
003     ULIB
008    110429s2553||||th 000 0 tha d
020    9786161100179
060  4 WM274^bพ643จ 2553
100 0  พิชัย แสงชาญชัย
245 10 จิตสังคมบำบัดสำหรับผู้ติดสุรา =^b Psychosocial treatment for alcohol dependence /^cพิชัย แสงชาญชัย
246 31 Psychosocial treatment for alcohol dependence
250    พิมพ์ครั้งที่ 3
260    เชียงใหม่ :^bแผนงานการพัฒนาระบบรูปแบบและวิธีการบำบัดรักษาผู้มีปัญหาการบริโภคสุราแบบบูรณาการ โรงพยาบาลสวนปรุง,^c2553
300    [10], 38 หน้า :^bภาพประกอบ
650  4 คนดื่มสุรา^xการรักษา
650  4 คนดื่มสุรา^xการปรับพฤติกรรม
650  4 การดื่มเครื่องดื่มที่มีแอลกอฮอล์^xแง่อนามัย
650  4 ผู้ติดสุรา^xการรักษา
650  4 ผู้ติดสุรา^xการปรับพฤติกรรม
710 2  โรงพยาบาลสวนปรุง.^bแผนงานการพัฒนาระบบรูปแบบและวิธีการบำบัดรักษาผู้มีปัญหาการบริโภคสุราแบบบูรณาการ
945    ^p0^l0^i027600
995    ทศพร
999 ^a ใช้งานได้ทุกระบบ
รายการนี้ยังไม่มีแท็ก
คุณยังไม่ได้ล็อกอิน คุณสามารถมีกิจกรรมร่วมกับเว็บไซต์ได้ แต่ต้องล็อกอินก่อน ::
  ล็อกอิน

รายการสื่อสารสนเทศ

ลำดับที่ ประเภท เลขเรียก/บาร์โค้ด สถานที่ สถานะ
1. วิทยาศาสตร์การแพทย์ และสุขภาพ
หนังสือสำรอง
สถานะ=หนังสือสำรอง
WM274 พ643จ 2553 ฉ.1 
  Barcode: 027600
ห้องสมุดวิทยาเขตสวรรค์ประชารักษ์
►ส่วนจัดเก็บหนังสือเก่า สปร
บนชั้น
  ขอยืม

รายการใกล้เคียง
    ผู้แต่ง [พิชัย แสงชาญชัย]

BibComment


ยังไม่เคยถูกคอมเมนท์

คอมเมนท์ทรัพยากรรายการนี้
  คอมเมนท์: จิตสังคมบำบัดสำหร..


 Copyright 2026. Bcnsprnw @Library